000 00793nam a22002537a 4500
003 UA-OsUOA
001 45196
007 ta
008 20070402b un ||||| |||| 00| 0 ukr d
090 _a94(477)
_bВ-11
942 _cMG
040 _aUA-OsUOA
_bukr
_cUA-OsUOA
_dUA-OsUOA
245 _aВолинь
_bВсеукраїнський суспільно-політичний, літературно-мистецький часопис
_cЛіт. ред. Якубюк А.
300 _a240 с.
955 _a4
041 _aukr
080 _a94(477)
022 _a0869-1142
260 _aЛуцьк
_c2005
246 3 1 _aІсторія, література, мистецтво
_n7
044 _aUA
962 _a1990
650 7 _a9 Географія. Біографії. Історія
_2UDC
999 _c331283
_d331283